[Event "Ceske Budejovice op-A"]
[Site "Ceske Budejovice"]
[Date "2025.07.05"]
[Round "8"]
[White "Zrust, Lukas"]
[Black "Simunek, Jakub Simon"]
[Result "0-1"]
[WhiteElo "1948"]
[BlackElo "2079"]
[PlyCount "70"]
[EventDate "2025.06.28"]
[EventType "swiss"]
[EventRounds "9"]
[EventCountry "CZE"]
[SourceTitle "CB28_2025"]
[SourceDate "2025.07.09"]
[SourceVersion "1"]
[SourceVersionDate "2025.07.09"]
[SourceQuality "1"]

1. d4 d5 2. Nf3 Nf6 3. c4 c6 4. Qb3 dxc4 5. Qxc4 Bf5 6. g3 e6 7. Bg2 Be7 8. 0-0 h6 9. Rd1 0-0 10. e3 Nbd7 11. Nc3 Rc8 12. Qe2 Bh7 13. b3 Bb4 14. Bb2 Nd5 15. Rac1 Qa5 16. Nxd5 cxd5 17. a3 Bxa3 18. Ra1 Rc2 19. Rd2 Rfc8 20. Rxa3 Qb4 21. Rxa7 g5 22. Ba1 g4 23. Rxc2 Rxc2 24. Qd1 gxf3 25. Bxf3 Qxb3 26. Kg2 Nf6 27. Qe1 Qc4 28. Ra8+ Kg7 29. Kh3 Rc1 30. Qe2 Bd3 31. Qa2 Bf1+ 32. Kh4 Qd3 33. Qa3 Qf5 34. Qf8+ Kg6 35. Be4 dxe4 0-1

[Event "Ceske Budejovice op-A"]
[Site "Ceske Budejovice"]
[Date "2025.07.03"]
[Round "6"]
[White "Simunek, Jakub Simon"]
[Black "Goelles, Herbert"]
[Result "1-0"]
[WhiteElo "2079"]
[BlackElo "1937"]
[PlyCount "117"]
[EventDate "2025.06.28"]
[EventType "swiss"]
[EventRounds "9"]
[EventCountry "CZE"]
[SourceTitle "CB28_2025"]
[SourceDate "2025.07.09"]
[SourceVersion "1"]
[SourceVersionDate "2025.07.09"]
[SourceQuality "1"]

1. e4 e6 2. d4 d5 3. exd5 exd5 4. Nf3 Bd6 5. Bd3 Ne7 6. 0-0 0-0 7. Bg5 f6 8. Bh4 Bf5 9. Re1 Bxd3 10. Qxd3 c6 11. Nbd2 Qd7 12. Re2 Nf5 13. Rae1 Na6 14. Re6 Nxh4 15. Nxh4 Nc7 16. Rxd6 Qxd6 17. Nf5 Qf4 18. Re3 Rae8 19. Rf3 Re1+ 20. Nf1 Qe4 21. Qd2 Qe2 22. Qxe2 Rxe2 23. Rb3 b6 24. Rc3 g6 25. Rxc6 gxf5 26. Rxc7 Rf7 27. Rc8+ Kg7 28. g3 Ree7 29. Ne3 Rc7 30. Re8 Kg6 31. c3 Rcd7 32. Kg2 Rfe7 33. Rb8 Kf7 34. Kf3 Kg6 35. h4 h5 36. Rh8 Rh7 37. Re8 Kf7 38. Ra8 Kg6 39. Kf4 Rhe7 40. f3 Re6 41. Rh8 Ree7 42. a3 Re6 43. Nxf5 Re2 44. Rh6+ Kf7 45. Rxh5 Rxb2 46. g4 Kg8 47. Rh6 Rf7 48. Ne3 Rb5 49. Rh5 Ra5 50. Nxd5 Rxa3 51. Kf5 Kg7 52. Ke6 Rb3 53. Rh7+ Kxh7 54. Kxf7 a5 55. Nxf6+ Kh8 56. d5 Rxc3 57. d6 a4 58. d7 Rc7 59. g5 1-0

[Event "Ceske Budejovice op-A"]
[Site "Ceske Budejovice"]
[Date "2025.07.02"]
[Round "5"]
[White "Plischki, Sebastian"]
[Black "Simunek, Jakub Simon"]
[Result "1-0"]
[WhiteElo "2269"]
[BlackElo "2079"]
[PlyCount "77"]
[EventDate "2025.06.28"]
[EventType "swiss"]
[EventRounds "9"]
[EventCountry "CZE"]
[SourceTitle "CB28_2025"]
[SourceDate "2025.07.09"]
[SourceVersion "1"]
[SourceVersionDate "2025.07.09"]
[SourceQuality "1"]

1. d4 d5 2. c4 c6 3. Nf3 Nf6 4. cxd5 cxd5 5. Nc3 Nc6 6. Bf4 a6 7. Rc1 Bg4 8. Ne5 Nxe5 9. dxe5 d4 10. exf6 dxc3 11. Qxd8+ Rxd8 12. Rxc3 exf6 13. a3 Bd6 14. Bxd6 Rxd6 15. f3 Be6 16. e4 Ke7 17. Bd3 Rhd8 18. Ke2 Rxd3 19. Rxd3 Bc4 20. Rhd1 Ke6 21. Ke3 Rxd3+ 22. Rxd3 Bxd3 23. Kxd3 b6 24. Kd4 g5 25. g3 h5 26. h3 Kd6 27. f4 h4 28. gxh4 gxh4 29. f5 b5 30. b4 Kc6 31. Ke3 a5 32. Kf3 axb4 33. axb4 Kd7 34. Kg4 Ke7 35. Kxh4 Kf8 36. Kg4 Kg7 37. Kf4 Kh6 38. Ke3 Kg5 39. Kd4 1-0

[Event "EU-ch U18 blitz"]
[Site "Prague"]
[Date "2024.08.19"]
[Round "2"]
[White "Sahakyan, Aleks"]
[Black "Simunek, Jakub Simon"]
[Result "1-0"]
[WhiteElo "2287"]
[BlackElo "2042"]
[PlyCount "69"]
[EventDate "2024.08.19"]
[EventType "swiss (blitz)"]
[EventRounds "18"]
[EventCountry "CZE"]
[SourceTitle "CBM 221 Extra"]
[Source "ChessBase"]
[SourceDate "2024.09.30"]
[SourceVersion "1"]
[SourceVersionDate "2024.09.30"]
[SourceQuality "1"]

1. Nf3 d5 2. d4 Nf6 3. c4 c6 4. Qc2 e6 5. g3 Be7 6. Bg2 0-0 7. 0-0 Nbd7 8. Nbd2 a5 9. Rd1 dxc4 10. Nxc4 Nb6 11. Nce5 Nbd5 12. a3 Qb6 13. e4 Nc7 14. Nc4 Qa6 15. Bf4 Nb5 16. a4 Na7 17. Bf1 b5 18. axb5 cxb5 19. Rxa5 Qb7 20. Ncd2 Bd7 21. Rda1 Nc6 22. Rxb5 Nxd4 23. Rxb7 Nxc2 24. Rc1 Rfc8 25. e5 Nd5 26. Rxd7 Nxf4 27. gxf4 Bf8 28. Bd3 Nb4 29. Rxc8 Rxc8 30. Be4 h6 31. f5 exf5 32. Bxf5 g6 33. Be4 Rc1+ 34. Kg2 Kg7 35. e6 1-0

[Event "Ceske Budejovice op"]
[Site "Ceske Budejovice"]
[Date "2024.07.01"]
[Round "3"]
[White "Yatsenko, Dasha"]
[Black "Simunek, Jakub Simon"]
[Result "0-1"]
[WhiteElo "1709"]
[BlackElo "1992"]
[PlyCount "76"]
[EventDate "2024.06.29"]
[EventType "swiss"]
[EventRounds "9"]
[EventCountry "CZE"]
[SourceTitle "CBM 221 Extra"]
[Source "ChessBase"]
[SourceDate "2024.09.30"]
[SourceVersion "1"]
[SourceVersionDate "2024.09.30"]
[SourceQuality "1"]

1. e4 e6 2. d4 d5 3. e5 c5 4. c3 Nc6 5. Nf3 Bd7 6. Be2 Nge7 7. Na3 cxd4 8. cxd4 Ng6 9. Nc2 Be7 10. 0-0 0-0 11. h3 f6 12. Bd3 fxe5 13. Bxg6 hxg6 14. Nxe5 Nxe5 15. dxe5 Qc7 16. Qe2 a6 17. a4 Bc5 18. b4 Bb6 19. Bb2 Rf4 20. Qd2 Raf8 21. Nd4 Qc4 22. Rfc1 Rxd4 23. Bxd4 Qxd4 24. Qxd4 Bxd4 25. Ra2 Bxe5 26. Rb1 Bd4 27. Rc1 Be5 28. Re1 Bc3 29. Rb1 d4 30. Rd1 e5 31. f3 Be6 32. Re2 Bb3 33. Rb1 d3 34. Rf2 Bc2 35. Rxc2 dxc2 36. Rc1 Rc8 37. Kf1 Bb2 38. Re1 c1Q 0-1

[Event "Ceske Budejovice op-A"]
[Site "Ceske Budejovice"]
[Date "2023.07.08"]
[Round "8"]
[White "Simunek, Jakub Simon"]
[Black "Havelkova, Beata"]
[Result "0-1"]
[WhiteElo "1952"]
[BlackElo "1707"]
[PlyCount "78"]
[EventDate "2023.07.01"]
[EventType "swiss"]
[EventRounds "9"]
[EventCountry "CZE"]
[SourceTitle "CBM 215 Extra"]
[Source "ChessBase"]
[SourceDate "2023.09.30"]
[SourceVersion "1"]
[SourceVersionDate "2023.09.30"]
[SourceQuality "1"]

1. e4 c6 2. d4 d5 3. e5 c5 4. dxc5 e6 5. Be3 Nd7 6. Nf3 Nxc5 7. Nbd2 Qc7 8. Bd3 Ne7 9. Bxc5 Qxc5 10. 0-0 Bd7 11. c4 Rd8 12. Rc1 Bc6 13. Qb3 Qa5 14. Qc2 Ng6 15. cxd5 Bxd5 16. Nc4 Bxc4 17. Bxc4 Bb4 18. a3 Be7 19. Qe4 0-0 20. h4 Rfe8 21. h5 Nf8 22. b4 Qb6 23. Rfd1 Rxd1+ 24. Rxd1 Rd8 25. Rxd8 Bxd8 26. g4 h6 27. Qf4 Qc7 28. Qe4 Be7 29. Ne1 a5 30. Nd3 Nh7 31. f4 axb4 32. axb4 Bxb4 33. Qd4 Be7 34. f5 Ng5 35. fxe6 Nf3+ 36. Kf2 Nxd4 37. exf7+ Kf8 38. Bd5 Qc2+ 39. Ke3 Bc5 0-1

[Event "CZE-ch U16"]
[Site "Teplice"]
[Date "2023.03.15"]
[Round "6"]
[White "Simunek, Jakub Simon"]
[Black "Tesar, Jakub"]
[Result "1-0"]
[WhiteElo "1970"]
[BlackElo "1960"]
[PlyCount "139"]
[EventDate "2023.03.11"]
[EventType "swiss"]
[EventRounds "9"]
[EventCountry "CZE"]
[SourceTitle "CBM 213 Extra"]
[Source "ChessBase"]
[SourceDate "2023.05.31"]
[SourceVersion "1"]
[SourceVersionDate "2023.05.31"]
[SourceQuality "1"]

1. e4 e6 2. d4 d5 3. Nd2 c5 4. Ngf3 cxd4 5. Nxd4 Nf6 6. e5 Nfd7 7. N2f3 Nc6 8. Nxc6 bxc6 9. c3 Qb6 10. Bd3 a5 11. 0-0 Ba6 12. b3 Rb8 13. c4 dxc4 14. bxc4 Qc7 15. Be3 Bc5 16. Re1 Bb4 17. Bd2 h6 18. a3 Bxd2 19. Qxd2 0-0 20. Qe3 Rfd8 21. Rad1 Rb2 22. Qe4 Nf8 23. Rb1 Ra2 24. Qe3 Kh8 25. Bf1 c5 26. Qb3 Rdd2 27. Nxd2 Rxd2 28. Qe3 Rd4 29. Rec1 Ng6 30. Qb3 Nxe5 31. Qb8+ Qxb8 32. Rxb8+ Kh7 33. Ra8 Bxc4 34. Bxc4 Nxc4 35. Rc8 Rd5 36. Kf1 Nxa3 37. R8xc5 Nb5 38. Rxd5 exd5 39. Rc5 Nd6 40. Rxa5 d4 41. Rd5 Ne4 42. Rxd4 Nf6 43. Ke2 Kg6 44. h3 h5 45. Ra4 Nd5 46. Kf3 Nc7 47. Ra5 Ne6 48. Ra6 Kf5 49. g4+ hxg4+ 50. hxg4+ Kf6 51. Kg3 Ke5 52. Ra5+ Ke4 53. f3+ Kd4 54. Ra7 f6 55. f4 g5 56. f5 Nc5 57. Kf3 Nb3 58. Rd7+ Ke5 59. Re7+ Kd5 60. Ke3 Nc5 61. Ra7 Ke5 62. Rf7 Na6 63. Re7+ Kd5 64. Re6 Nb4 65. Rxf6 Nc2+ 66. Kd3 Ne1+ 67. Ke2 Ng2 68. Kf2 Nf4 69. Kf3 Ke5 70. Ra6 1-0

[Event "Ceske Budejovice op-A"]
[Site "Ceske Budejovice"]
[Date "2022.07.05"]
[Round "5"]
[White "Hurtik, Matej"]
[Black "Simunek, Jakub Simon"]
[Result "0-1"]
[WhiteElo "2018"]
[BlackElo "1887"]
[PlyCount "55"]
[EventDate "2022.07.01"]
[EventType "swiss"]
[EventRounds "9"]
[EventCountry "CZE"]
[SourceTitle "CBM 209 Extra"]
[Source "ChessBase"]
[SourceDate "2022.09.30"]
[SourceVersion "1"]
[SourceVersionDate "2022.09.30"]
[SourceQuality "1"]

1. e4 e6 2. d4 d5 3. Nd2 a6 4. Ngf3 c5 5. exd5 exd5 6. Be2 Nf6 7. 0-0 Be7 8. dxc5 Bxc5 9. Nb3 Bb6 10. Bg5 0-0 11. Nbd4 Nc6 12. c3 Qd6 13. Bh4 Ne4 14. Bg3 Nxg3 15. hxg3 Bg4 16. Qd3 Nxd4 17. Nxd4 Bxd4 18. Bxg4 Bb6 19. Bf5 g6 20. Be4 Rad8 21. Rad1 d4 22. Qf3 Qc5 23. Bxb7 dxc3 24. Rc1 Rd2 25. Rxc3 Qe5 26. Rcc1 Qxb2 27. Rce1 Qxa2 28. Bd5 0-1

[Event "CZE-ch U16"]
[Site "Herlikovice"]
[Date "2021.10.29"]
[Round "8"]
[White "Simunek, Jakub Simon"]
[Black "Nagyova, Daniela"]
[Result "1-0"]
[WhiteElo "1801"]
[BlackElo "1730"]
[PlyCount "81"]
[EventDate "2021.10.23"]
[EventType "swiss"]
[EventRounds "9"]
[EventCountry "CZE"]
[SourceTitle "EXT 2023"]
[Source "ChessBase"]
[SourceDate "2022.10.05"]
[SourceVersion "1"]
[SourceVersionDate "2022.10.05"]
[SourceQuality "1"]

1. e4 e5 2. Nf3 Nc6 3. d4 exd4 4. Nxd4 Nf6 5. Nxc6 bxc6 6. e5 Qe7 7. Qe2 Nd5 8. h4 h6 9. c4 Nb6 10. b3 d5 11. exd6 cxd6 12. Bb2 Rg8 13. Nc3 Bb7 14. 0-0-0 0-0-0 15. Qg4+ Kb8 16. Bd3 d5 17. Qf4+ Ka8 18. Rhe1 Qd7 19. cxd5 cxd5 20. Nb5 g5 21. hxg5 hxg5 22. Qf5 Bg7 23. Bxg7 Rxg7 24. Qxd7 Nxd7 25. Re7 Nc5 26. Bf5 a6 27. Nd4 Ne4 28. f3 Nc3 29. Rd2 Rdg8 30. Kb2 Nb5 31. Nxb5 axb5 32. Rc2 f6 33. Re6 Rf8 34. Rb6 Re7 35. Rxb5 Re5 36. Bd7 f5 37. Rc7 Re2+ 38. Ka3 Rf6 39. Rbxb7 Ra6+ 40. Kb4 Rexa2 41. Rb5 1-0

[Event "CZE-ch U16"]
[Site "Herlikovice"]
[Date "2021.10.28"]
[Round "7"]
[White "Havelkova, Beata"]
[Black "Simunek, Jakub Simon"]
[Result "0-1"]
[WhiteElo "1558"]
[BlackElo "1801"]
[PlyCount "60"]
[EventDate "2021.10.23"]
[EventType "swiss"]
[EventRounds "9"]
[EventCountry "CZE"]
[SourceTitle "EXT 2023"]
[Source "ChessBase"]
[SourceDate "2022.10.05"]
[SourceVersion "1"]
[SourceVersionDate "2022.10.05"]
[SourceQuality "1"]

1. e4 e6 2. d3 d5 3. Nd2 c5 4. Ngf3 Nc6 5. g3 Nf6 6. Bg2 Be7 7. c3 0-0 8. e5 Nd7 9. d4 cxd4 10. cxd4 Qb6 11. Nb3 a5 12. Qd3 Nb4 13. Qc3 Nxa2 14. Qe3 Nxc1 15. Rxc1 a4 16. Nbd2 Qxb2 17. 0-0 Qb4 18. Ra1 b5 19. Rfb1 Qa5 20. Nb3 Qb6 21. Bf1 b4 22. Ne1 Bb7 23. Nd2 Rfc8 24. h4 b3 25. g4 b2 26. Ra2 a3 27. Bd3 Ba6 28. Nc2 Bc4 29. Nxc4 dxc4 30. Be4 Qb3 0-1

[Event "CZE-ch U16"]
[Site "Herlikovice"]
[Date "2021.10.24"]
[Round "2"]
[White "Simunek, Jakub Simon"]
[Black "Lev, Lukas"]
[Result "1/2-1/2"]
[WhiteElo "1801"]
[BlackElo "1566"]
[PlyCount "63"]
[EventDate "2021.10.23"]
[EventType "swiss"]
[EventRounds "9"]
[EventCountry "CZE"]
[SourceTitle "EXT 2023"]
[Source "ChessBase"]
[SourceDate "2022.10.05"]
[SourceVersion "1"]
[SourceVersionDate "2022.10.05"]
[SourceQuality "1"]

1. d4 Nf6 2. Nf3 g6 3. Nc3 d5 4. Bf4 Bg7 5. e3 0-0 6. Be2 c5 7. Ne5 cxd4 8. exd4 Nc6 9. 0-0 Bf5 10. Na4 Nd7 11. Nxc6 bxc6 12. c3 e5 13. Be3 Re8 14. Bf3 Qe7 15. c4 Rac8 16. Rc1 Be6 17. cxd5 Bxd5 18. Bxd5 cxd5 19. dxe5 Qxe5 20. Qd2 d4 21. Bf4 Qb5 22. b3 Nc5 23. Rxc5 Rxc5 24. Nxc5 Qxc5 25. Rc1 Qf5 26. h3 Rc8 27. Rxc8+ Qxc8 28. Qd3 Qc5 29. Kf1 h6 30. Ke2 Qa3 31. Qc2 Qa6+ 32. Ke1 1/2-1/2

[Event "Ceske Budejovice op-A"]
[Site "Ceske Budejovice"]
[Date "2020.07.08"]
[Round "8"]
[White "Stastny, Petr"]
[Black "Simunek, Jakub Simon"]
[Result "1-0"]
[WhiteElo "1947"]
[BlackElo "1596"]
[PlyCount "35"]
[EventDate "2020.07.01"]
[EventType "swiss"]
[EventRounds "9"]
[EventCountry "CZE"]
[SourceTitle "CBM 197 Extra"]
[Source "ChessBase"]
[SourceDate "2020.09.30"]
[SourceVersion "1"]
[SourceVersionDate "2020.09.30"]
[SourceQuality "1"]

1. d4 e6 2. Nf3 d5 3. e3 Nf6 4. Bd3 Bd6 5. Nbd2 0-0 6. c4 c6 7. 0-0 Nbd7 8. e4 dxe4 9. Nxe4 Nxe4 10. Bxe4 Nf6 11. Bc2 Re8 12. Qd3 Bf8 13. Bg5 g6 14. Ne5 Bg7 15. Rad1 Qa5 16. Qf3 Qd8 17. Ng4 e5 18. Nxf6+ 1-0

[Event "CZE-ch U10"]
[Site "Kouty nad Desnou"]
[Date "2017.03.11"]
[Round "1"]
[White "Simunek, Jakub Simon"]
[Black "Paseka, Matyas"]
[Result "0-1"]
[WhiteElo "1180"]
[BlackElo "1441"]
[PlyCount "40"]
[EventDate "2017.03.11"]
[EventType "swiss"]
[EventRounds "9"]
[EventCountry "CZE"]
[SourceTitle "CBM 177 Extra"]
[Source "ChessBase"]
[SourceDate "2017.04.27"]
[SourceVersion "1"]
[SourceVersionDate "2017.04.27"]
[SourceQuality "1"]

1. e4 c5 2. d4 cxd4 3. c3 dxc3 4. Nxc3 Nc6 5. Bc4 d6 6. Nf3 a6 7. Be3 Nf6 8. Qe2 Bg4 9. h3 Bxf3 10. gxf3 Rc8 11. Rd1 e6 12. Bf4 Qc7 13. b3 Qa5 14. Qd2 b5 15. Be2 e5 16. Bg5 Nd4 17. Rc1 d5 18. Bxf6 gxf6 19. a3 Nxb3 20. Qxd5 Nxc1 0-1